000 006060000a22002290004500
003 LK-CoMWRAF
005 20231004151955.0
008 230817t1992 ||||| |||| 00| 0 eng d
040 _aLK-CoMWRAF
_dLK-CoMWRAF
_eLK-CoMWRAF
041 _aeng
082 _a297
_bAHM
100 _aAhmad, Shaikh Mahmud
245 _aSocial justice in Islam
250 _a3rd Edition
260 _aDelhi :
_bAdam Publishers,
_c1992
300 _axll, 120 p. ; 21cm.
500 _aiIndex
650 _aIslam
650 _aBanks an banking -- Islamic countries
650 _a Interest-Islamic countries
942 _cBK
999 _c2870
_d2870